000 01373nam a2200349Ia 4500
001 ebr10478426
003 CaPaEBR
006 m u
007 cr cn|||||||||
008 070913s2007 enk sb 001 0 eng d
020 _z1855754878
020 _z9781855754874
020 _z9781849405539
040 _aCaPaEBR
_cCaPaEBR
035 _a(OCoLC)727950837
050 1 4 _aRC488.5
_bI493 2007eb
245 0 0 _aInnovations in the reflecting process
_h[electronic resource] :
_bthe inspirations of Tom Andersen /
_cedited by Harlene Anderson & Per Jensen.
260 _aLondon :
_bKarnac,
_c2007.
300 _axxi, 234 p.
490 1 _aSystemic thinking and practice series
504 _aIncludes bibliographical references (p. 219-225) and index.
533 _aElectronic reproduction.
_bPalo Alto, Calif. :
_cebrary,
_d2013.
_nAvailable via World Wide Web.
_nAccess may be limited to ebrary affiliated libraries.
600 1 0 _aAndersen, Tom
_xInfluence.
650 0 _aFamily psychotherapy.
650 0 _aGroup psychotherapy.
655 7 _aElectronic books.
_2local
700 1 _aAnderson, Harlene,
_d1942-
700 1 _aJensen, Per.
710 2 _aebrary, Inc.
830 0 _aSystemic thinking and practice series.
856 4 0 _uhttp://site.ebrary.com/lib/rucke/Doc?id=10478426
_zAn electronic book accessible through the World Wide Web; click to view
999 _c119702
_d119702